Indira Gandhi, her road to power /

Bibliographic Details
Main Author: Sahgal, Nayantara, 1927-
Format: Book
Language:English
Published: New York : F. Ungar, [1982]
Subjects:

MARC

Tag First Indicator Second Indicator Subfields
LEADER 00000pam a2200000 a 4500
001 in00000088318
005 20151008063134.0
008 811203s1982 nyuaf b 00110beng
010 |a  81070116  
020 |a 0804418276 :  |c $15.95 
035 |a (OCoLC)08034857 
035 |9 AAK1657AM 
039 0 |a 2  |b 3  |c 3  |d 3  |e 3 
040 |a DLC  |c DLC  |d TXA  |d UtOrBLW 
043 |a a-ii--- 
049 |a TXAM  |c [985658] 
050 0 0 |a DS481 G23  |b  S188 1982 
082 0 |a 954.04/5/0924  |a B  |2 19 
100 1 |a Sahgal, Nayantara,  |d 1927- 
245 1 0 |a Indira Gandhi, her road to power /  |c Nayantara Sahgal. 
264 1 |a New York :  |b F. Ungar,  |c [1982] 
264 4 |c ©1982 
300 |a xv, 260 pages, 8 unnumbered pages of plates :  |b illustrations ;  |c 24 cm. 
336 |a text  |b txt  |2 rdacontent 
337 |a unmediated  |b n  |2 rdamedia 
338 |a volume  |b nc  |2 rdacarrier 
500 |a "A portion of this material appeared in different form in India under the title Indira Gandhi's emergence and style"--Title page verso. 
504 |a Includes bibliographical references and index. 
600 1 0 |a Gandhi, Indira,  |d 1917-1984. 
650 0 |a Prime ministers  |z India  |v Biography. 
651 0 |a India  |x Politics and government  |y 1947- 
999 |a MARS 
999 f f |s dfe46de8-b4aa-36f6-b95c-a15b19611d06  |i cb8378a4-80ff-3ff6-8581-e535d98a7f05  |t 0 
952 f f |p ric  |a Texas A&M University  |b Rellis Campus  |c Joint Library Facility  |d Remote Storage  |t 0  |e DS481 G23 S188 1982  |h Library of Congress classification  |i unmediated -- volume  |m A14805983797 
998 f f |a DS481 G23 S188 1982  |t 0  |l Remote Storage